Statistics for Tyler, The Creator Album Quiz.

Click here to take the quiz!

General Stats

  • This quiz has been taken 321 times
  • The average score is 7 of 7

Answer Stats

Date of releaseAnswer% Correct
2019IGOR
100%
2021Call Me If You Get Lost
98%
2017Flower Boy
98%
2013Wolf
98%
2011Goblin
95%
2015Cherry Bomb
94%
2009BASTARD
86%

Score Distribution

Percentile by Number Answered

Percent of People with Each Score

Your Score History

You have not taken this quiz